Proceedings of the Institution of mechanical engineers (Record no. 77208)

MARC details
000 -LEADER
fixed length control field 00725nam a2200145 a 4500
008 - FIXED-LENGTH DATA ELEMENTS--GENERAL INFORMATION
fixed length control field 120416s1992 ||||||||||||||||| || u
020 ## - INTERNATIONAL STANDARD BOOK NUMBER
International Standard Book Number 0852988036
050 ## - LIBRARY OF CONGRESS CALL NUMBER
Classification number TJ 755 Com
245 10 - TITLE STATEMENT
Title Proceedings of the Institution of mechanical engineers
246 ## -
-- combustion in engines technology, applications and the environment
260 ## - PUBLICATION, DISTRIBUTION, ETC.
Place of publication, distribution, etc. London
Name of publisher, distributor, etc. Institute of Mechanical Engineering
Date of publication, distribution, etc. 1992
350 ## -
-- 0.00
995 ## -
-- MAIN LIBRARY OPEN ACCESS
-- 0.00
-- 727850
-- CBU-MAIN LIBRARY (Kitwe)
-- 2
-- 0.00
-- TJ 755 Com
-- 2
-- AVAILABLE
-- 023943
-- Main Library Open Access Collection
995 ## -
-- MAIN LIBRARY OPEN ACCESS
-- 0.00
-- 729849
-- CBU-MAIN LIBRARY (Kitwe)
-- 1
-- 0.00
-- TJ 755 Com
-- 1
-- AVAILABLE
-- 023937
-- Main Library Open Access Collection
999 ## -
-- 77208
-- 77208
Holdings
Withdrawn status Lost status Source of classification or shelving scheme Damaged status Not for loan Permanent Location Current Location Shelving location Date acquired Total Checkouts Full call number Barcode Date last seen Copy number Price effective from Koha item type
          CBU-MAIN LIBRARY, KITWE. CBU-MAIN LIBRARY, KITWE.   04/25/2023   TJ 755 Com 023943 04/25/2023 1 04/25/2023 MONOGRAPH
          CBU-MAIN LIBRARY, KITWE. CBU-MAIN LIBRARY, KITWE.   04/25/2023   TJ 755 Com 023937 04/25/2023 2 04/25/2023 MONOGRAPH